Physical chemistry : (Record no. 460)

MARC details
000 -LEADER
fixed length control field 02086cam a2200289 i 4500
001 - CONTROL NUMBER
control field 19038967
003 - CONTROL NUMBER IDENTIFIER
control field OSt
005 - DATE AND TIME OF LATEST TRANSACTION
control field 20250420134811.0
008 - FIXED-LENGTH DATA ELEMENTS--GENERAL INFORMATION
fixed length control field 160401s2016 enka 001 0 eng
010 ## - LIBRARY OF CONGRESS CONTROL NUMBER
LC control number 2016015389
020 ## - INTERNATIONAL STANDARD BOOK NUMBER
International Standard Book Number 9781118751121 (pbk.)
040 ## - CATALOGING SOURCE
Original cataloging agency DLC
Language of cataloging eng
Transcribing agency KCST
042 ## - AUTHENTICATION CODE
Authentication code pcc
050 00 - LIBRARY OF CONGRESS CALL NUMBER
Classification number QD453.3
Item number .K65 2016
082 00 - DEWEY DECIMAL CLASSIFICATION NUMBER
Classification number 541
Edition information 23
100 1# - MAIN ENTRY--PERSONAL NAME
Personal name Kolasinski, Kurt W.
9 (RLIN) 4582
245 10 - TITLE STATEMENT
Title Physical chemistry :
Remainder of title how chemistry works /
Statement of responsibility, etc. Kurt W. Kolasinski, Department of Chemistry, West Chester University, USA.
246 30 - VARYING FORM OF TITLE
Title proper/short title How chemistry works
260 ## - PUBLICATION, DISTRIBUTION, ETC.
Place of publication, distribution, etc. Chichester, West Sussex :
Name of publisher, distributor, etc. John Wiley & Sons, Inc.,
Date of publication, distribution, etc. 2016.
300 ## - PHYSICAL DESCRIPTION
Extent xvii, 726 pages :
Other physical details color illustrations ;
Dimensions 28 cm
500 ## - GENERAL NOTE
General note Includes index.
505 0# - FORMATTED CONTENTS NOTE
Formatted contents note Introduction -- Statistical mechanics -- Ideal gases -- Non-ideal gases and intermolecular interactions -- Liquids, liquid crystals, and ionic liquids -- Solids, nanoparticles, and interfaces -- First law of thermodynamics -- Second law of thermodynamics -- Third law of thermodynamics and temperature dependence of heat capacity, enthalpy, and entropy -- Thermochemistry : the role of heat in chemical and physical changes -- Chemical equilibrium -- Phase stability and phase transitions -- Solutions and mixtures : nonelectrolytes -- Solutions of electrolytes -- Electrochemistry : the chemistry of free charge exchange -- Empirical chemical kinetics -- Reaction dynamics : mechanisms and rates -- Complex reactions mechanisms : catalysis, photochemistry and charge transfer -- Developing quantum mechanical intuition -- The quantum mechanical description of nature -- Model quantum systems -- Atomic structure -- Introduction to spectroscopy and atomic spectroscopy -- Molecular bonding and structure -- Molecular spectroscopy & excited state dynamics : diatomics -- Polyatomic molecules and group theory -- Light-matter interactions : lasers, laser spectroscopy, and photodynamics.
650 #0 - SUBJECT ADDED ENTRY--TOPICAL TERM
Topical term or geographic name entry element Chemistry, Physical and theoretical
Form subdivision Textbooks.
9 (RLIN) 4583
650 #0 - SUBJECT ADDED ENTRY--TOPICAL TERM
Topical term or geographic name entry element Chemistry
Form subdivision Textbooks.
9 (RLIN) 4584
942 ## - ADDED ENTRY ELEMENTS (KOHA)
Koha item type Book
942 ## - ADDED ENTRY ELEMENTS (KOHA)
Source of classification or shelving scheme Dewey Decimal Classification
Holdings
Withdrawn status Lost status Source of classification or shelving scheme Damaged status Not for loan Home library Current library Date acquired Cost, normal purchase price Total checkouts Full call number Barcode Date last seen Price effective from Koha item type
    Dewey Decimal Classification     KCST Library KCST Library 01/07/2020 20.46   541 Ko Ph 1000000610 01/07/2020 01/07/2020 Book
© 2025 KCST. All rights reserved